000 00609nam a22001817a 4500
005 20160128130012.0
010 _aENG-114492
020 _a9789350356128
_c395.00
035 _aEN-98024
037 _bDBAD/PUB
082 _a361.1
100 _aGambhir, Kailash
245 _aThe voice within :
_cby Kailash Gambhir ; foreworded by T.S. Thakur
_bsocial messages through judgements /
260 _aGurgaon
_bLexisNexis
_c2015
270 _a14th Floor, Building No.10, Tower-B, DLF Cyber City, Phase-II
_bGurgaon
_e122002
300 _axxvii,232p.
_c25cm(Hb)
942 _2ddc
_cEN
_mGAM
_h361.1
999 _c98360
_d98360